书目信息 |
| 题名: |
注意力缺陷過動症
|
|
| 作者: | 巴克利 , 墨菲 著 ;黄惠玲 , 赵家琛 译 | |
| 分册: | ||
| 出版信息: | 台北 心理出版社股份有限公司 2001 |
|
| 页数: | 147页 | |
| 开本: | 26cm | |
| 丛书名: | 障礙教育 | |
| 单 册: | ||
| 中图分类: | R748 , R749.94 | |
| 科图分类: | ||
| 主题词: | 儿童多动症--诊疗 | |
| 电子资源: | ||
| ISBN: | 957-702-457-2 | |
| 000 | 01270oam2 2200373 450 | |
| 001 | 1574023885 | |
| 005 | 20150131203405.12 | |
| 010 | @a957-702-457-2@dTWD200.00 | |
| 100 | @a20061123d2001 ekmy0chiy0120 ea | |
| 101 | 1 | @achi@ceng |
| 102 | @aCN@b710000 | |
| 105 | @ak z 000yy | |
| 200 | 1 | @a注意力缺陷過動症@9zhu yi li que xian guo dong zheng@e臨床工作手冊@f黃惠玲, 趙家琛譯 |
| 210 | @a台北@c心理出版社股份有限公司@d2001 | |
| 215 | @a147页@d26cm | |
| 225 | 2 | @a障礙教育@9zhang ai jiao yu@v35 |
| 305 | @a据1998年英文版译出 | |
| 314 | @a封面题: Russell A. Barkley, Kevin R. Murphy著 | |
| 314 | @a责任者(Barkley)规范汉译姓: 巴克利 , 责任者(Murphy)规范汉译姓: 墨菲 | |
| 461 | 0 | @12001 @a障礙教育 |
| 500 | 10 | @aAttention-deficit hyperactivity disorder: a cinical workbook@mchi |
| 517 | 1 | @a臨床工作手冊@9lin chuang gong zuo shou ce |
| 518 | 1 | @a注意力缺陷过动症 |
| 606 | 0 | @a儿童多动症@x诊疗 |
| 690 | @aR748@v5 | |
| 690 | @aR749.94@v5 | |
| 701 | 1 | @a巴克利@9ba ke li@g(Barkley, Russell A. )@4著 |
| 701 | 0 | @a墨菲@9mo fei@g(Murphy, Kevin R.)@4著 |
| 702 | 0 | @a黄惠玲@9huang hui ling@4译 |
| 702 | 0 | @a赵家琛@9zhao jia chen@4译 |
| 730 | 1 | @a黃惠玲@4译 |
| 730 | 1 | @a趙家琛@4譯 |
| 801 | 0 | @aCN@bTSSF@c20150131 |
| 905 | @aZUCC@dR748@eJY3 | |
| 注意力缺陷過動症:臨床工作手冊/黃惠玲, 趙家琛譯.-台北:心理出版社股份有限公司,2001 |
| 147页;26cm.-(障礙教育;35) |
| ISBN 957-702-457-2:TWD200.00 |
| ● |
| 相关链接 |
|
|
|
|
正题名:注意力缺陷過動症
索取号:R748/JY3
 
预约/预借
| 序号 | 登录号 | 条形码 | 馆藏地/架位号 | 状态 | 备注 |
| 1 | 7864172 | 278641720 | 学院路分馆/ [索取号:R748/JY3] | 在馆 |